|
|
|
|
| LEADER |
01486nam a2200373 a 4500 |
| 001 |
EBC165344 |
| 003 |
MiAaPQ |
| 005 |
20200520144314.0 |
| 006 |
m o d | |
| 007 |
cr cn||||||||| |
| 008 |
980318s1999 enka sb 001 0 eng |
| 010 |
|
|
|z 98015338
|
| 020 |
|
|
|z 0415183235 (alk. paper)
|
| 035 |
|
|
|a (MiAaPQ)EBC165344
|
| 035 |
|
|
|a (Au-PeEL)EBL165344
|
| 035 |
|
|
|a (CaPaEBR)ebr5001588
|
| 035 |
|
|
|a (CaONFJC)MIL33357
|
| 035 |
|
|
|a (OCoLC)49702466
|
| 040 |
|
|
|a MiAaPQ
|c MiAaPQ
|d MiAaPQ
|
| 050 |
|
4 |
|a HC800
|b .A5675 1999
|
| 082 |
0 |
4 |
|a 338.967
|2 21
|
| 245 |
0 |
4 |
|a The African economy
|h [electronic resource] :
|b policy, institutions and the future /
|c edited by Steve Kayizzi-Mugerwa.
|
| 260 |
|
|
|a London ;
|a New York :
|b Routledge,
|c 1999.
|
| 300 |
|
|
|a xv, 301 p. :
|b ill.
|
| 490 |
1 |
|
|a Routledge studies in development economics ;
|v 13
|
| 504 |
|
|
|a Includes bibliographical references and index.
|
| 533 |
|
|
|a Electronic reproduction. Ann Arbor, MI : ProQuest, 2015. Available via World Wide Web. Access may be limited to ProQuest affiliated libraries.
|
| 651 |
|
0 |
|a Africa, Sub-Saharan
|x Economic conditions
|y 1960-
|v Case studies.
|
| 651 |
|
0 |
|a Africa, Sub-Saharan
|x Economic policy
|v Case studies.
|
| 655 |
|
4 |
|a Electronic books.
|
| 700 |
1 |
|
|a Kayizzi-Mugerwa, Steve.
|
| 710 |
2 |
|
|a ProQuest (Firm)
|
| 830 |
|
0 |
|a Routledge studies in development economics ;
|v 13.
|
| 856 |
4 |
0 |
|u https://ebookcentral.proquest.com/lib/matrademy/detail.action?docID=165344
|z Click to View
|